LIBRARY & INFORMATION CENTRE, KCAET, TAVANUR

ONLINE PUBLIC ACCESS CATALOGUE (OPAC)

Maleev & Hartman's Machine Design: In Si Units (Record no. 2468)

MARC details
000 -LEADER
fixed length control field 00376cam a2200145ua 4500
020 ## - INTERNATIONAL STANDARD BOOK NUMBER
ISBN 9788123906379
082 ## - DEWEY DECIMAL CLASSIFICATION NUMBER
Classification number 621.815
Item number GRO / MA
100 ## - MAIN ENTRY--AUTHOR NAME
Personal name .
245 ## - TITLE STATEMENT
Title Maleev & Hartman's Machine Design: In Si Units
250 ## - EDITION STATEMENT
Edition statement / 4 th Rev & En
260 ## - PUBLICATION, DISTRIBUTION, ETC. (IMPRINT)
Place of publication New Delhi :
Name of publisher C B S Publishers ,
Year of publication 2004
300 ## - PHYSICAL DESCRIPTION
Number of Pages 706 , 770
700 1# - ADDED ENTRY--PERSONAL NAME
Personal name Grover, O.P
942 ## - ADDED ENTRY ELEMENTS (KOHA)
Koha item type Books
Holdings
Withdrawn status Lost status Damaged status Home library Current library Date acquired Full call number Accession Number Koha item type Collection code Shelving location Source of acquisition Cost, normal purchase price
      KAUAET KAUAET 07/04/2012 621.815 15892 Books        
      KAUAET KAUAET 31/03/2012 621.815 MAL/MA 22980 Books Non-fiction General Stacks International Books & Periodicals Supply Service, Delhi 275.00
      KAUAET KAUAET 31/08/2016 621.815 GRO / MA BB 58 Book Bank scheme for SC students   Scheme Cosmo Books, Kozhikkode. 190.00
      KAUAET KAUAET 31/08/2016 621.815 GRO / MA BB 59 Book Bank scheme for SC students   Scheme Cosmo Books, Kozhikkode. 190.00
free website counter